Equipos Fútbol Profesional Colombiano - Estadísticas

Estadísticas generales
  • Esta prueba ha sido intentada 353 veces
  • La puntuación promedio es 25 de 44
Estadísticas de respuestas
# PARTICIPACIONES EQUIPO PUNTOS TÍTULOS (LIGAS) % Correcto
1 101 Atlético Nacional 4705,25 18
100%
2 101 Millonarios Fútbol Club 4700 17
98%
5 90 América de Cali 4172,25 15
97%
4 101 Independiente Santa Fe 4179,5 9
97%
3 98 Deportivo Cali 4527,25 10
96%
7 88 Junior de Barranquilla 3887,25 10
95%
6 97 Independiente Medellín 3971 6
94%
8 93 Deportes Tolima 3517,5 3
93%
10 81 Atlético Bucaramanga 2888 1
91%
9 87 Once Caldas 3416,25 4*
90%
20 36 Boyacá Chicó 803 1
86%
13 67 Cúcuta Deportivo 2255 1
85%
11 80 Deportivo Pereira 2772 1
83%
14 59 Unión Magdalena 2206 1
83%
15 55 Envigado Fútbol Club 1562,25 0
78%
12 74 Deportes Quindío 2732 1
77%
16 46 Deportivo Pasto 1295 1
77%
29 8 Fortaleza CEIF 124 0
75%
22 25 Alianza Petrolera 547 0
74%
21 29 Águilas Doradas 795 0
72%
44 2 Llaneros Fútbol Club 0 0
72%
23 23 Patriotas Boyacá 514 0
72%
17 47 Atlético Huila 1261 0
71%
24 20 Real Cartagena 511 0
66%
25 19 Jaguares de Córdoba 400 0
65%
18 37 Seguros La Equidad 1003 0
64%
26 9 Boca Junior de Cali 281 0
59%
19 24 Cortuluá Fútbol Club 834,25 0
58%
40 2 Itagüí Leones Fútbol Club 22 0
48%
37 2 Tigres Fútbol Club 45 0
48%
32 4 Universidad Autónoma del Caribe 72 0
23%
34 2 Centauros Villavicencio 53 0
18%
30 4 Universidad Nacional 96 0
15%
36 3 Huracán de Medellín 46 0
8%
28 4 Deportes Caldas 131 1*
7%
33 2 Deportivo Unicosta 60 0
7%
31 4 Once Deportivo 85 0
6%
39 1 Oro Negro 33 0
6%
41 1 Club Libertad 21 0
3%
38 2 Deportivo Manizales 44 0
3%
35 2 Deportivo Samarios 46 0
3%
27 8 Sporting Club Barranquilla 188 0
3%
42 1 Atlético Manizales 20 0
2%
43 1 Deportivo Barranquilla 15 0
1%
No se encontraron pruebas coincidentes
Distribución de puntuación
Porcentaje de gente con cada puntuación
Porcentaje por número respondido
Historial de tus puntuaciones
No has intentado esta prueba.